Normal view
MARC view
Entry Topical Term
001 - CONTROL NUMBER
- control field: 33144
003 - CONTROL NUMBER IDENTIFIER
- control field: OSt
005 - DATE AND TIME OF LATEST TRANSACTION
- control field: 20220916111436.0
008 - FIXED-LENGTH DATA ELEMENTS
- fixed length control field: 220916|| aca||aabn | a|a d
040 ## - CATALOGING SOURCE
- Original cataloging agency: OSt
- Transcribing agency: OSt
150 ## - HEADING--TOPICAL TERM
- Topical term or geographic name entry element: Prosecutor quality, Witness participations, Crime and reform
670 ## - SOURCE DATA FOUND
- Source citation: Work cat.: (OSt)519860: Daugherty, Andrew F. and Reinganum, Jennifer F. 33143, Prosecutor quality, witness participations, crime, and reform
